Super Mario 64 Power Stars: Snowman's Land - Statistics

General Stats
  • This quiz has been taken 34 times
  • The average score is 5 of 9
Answers on the Map
Answers color-coded by a green-red scale on the quiz's map according to % correct below.
 
Answer Stats
# Answer % Correct
6 Into the {Igloo}
85%
1 Snowman's Big {Head}
73%
3 In the Deep {Freeze}
69%
5 {Shell} Shreddin' for Red Coins
65%
4 Whirl from the Freezing {Pond}
62%
2 {Chill} with the Bully
58%
3 {Yoshi}'s Ice Sculpture
46%
5 Snowman's {Silver} {Star}
35%
7 Red Coins in the {House}
12%
No matching quizzes found
Score Distribution
Percent of People with Each Score
Percentile by Number Answered
Your Score History
You have not taken this quiz